<?xml version="1.0" encoding="UTF-8"?>
<marc:record xmlns:marc="http://www.loc.gov/MARC21/slim">
   <marc:leader>00000nam a2200000 a 4500</marc:leader>
   <marc:datafield ind1=" " ind2=" " tag="653">
      <marc:subfield code="a">Religion</marc:subfield>
   </marc:datafield>
   <marc:datafield ind1=" " ind2=" " tag="653">
      <marc:subfield code="a">Stille</marc:subfield>
   </marc:datafield>
   <marc:datafield ind1=" " ind2=" " tag="653">
      <marc:subfield code="a">Fastenzeit</marc:subfield>
   </marc:datafield>
   <marc:datafield ind1="0" ind2="0" tag="245">
      <marc:subfield code="a">Leben jetzt 3/2021</marc:subfield>
   </marc:datafield>
   <marc:datafield ind1="0" ind2="0" tag="245">
      <marc:subfield code="b">Das Magazin für Steyler Missionare</marc:subfield>
   </marc:datafield>
   <marc:datafield ind1="0" ind2="0" tag="245">
      <marc:subfield code="c">Leben</marc:subfield>
   </marc:datafield>
   <marc:datafield ind1=" " ind2="1" tag="264">
      <marc:subfield code="a">Nettetal</marc:subfield>
      <marc:subfield code="b">Steyler Missionare </marc:subfield>
      <marc:subfield code="c">2021</marc:subfield>
   </marc:datafield>
   <marc:datafield ind1="1" ind2=" " tag="490">
      <marc:subfield code="a">Leben jetzt</marc:subfield>
   </marc:datafield>
   <marc:datafield ind1=" " ind2=" " tag="250">
      <marc:subfield code="a">2021 / 03</marc:subfield>
   </marc:datafield>
   <marc:datafield ind1="1" ind2=" " tag="520">
      <marc:subfield code="a">Vom Glück des schwierigen Weges - &lt;br/&gt;Wie ein wichtiges Ziel die Kraft gibt, auch schwere Phasen durchzustehen&lt;br/&gt;Briefe aus der Stille - &lt;br/&gt;Ein Steyler über sein neues Leben in der Einsiedelei auf Zeit&lt;br/&gt;Zeit für mich - Achtsamkeitsübungen für die Fastenzeit&lt;br/&gt;Sätze für eine glückliche Ehe - Weltgebetstag der Frauen&lt;br/&gt;Gebet zur Einkehr&lt;br/&gt;Die etwas andere Fastenzeit - Schon wieder verzichten?&lt;br/&gt;Wo wir das schon die ganze Zeit tun?&lt;br/&gt;Es geht auch anders: spirituelle Ideen, die uns helfen, zu uns selbst und zu Gott zu finden.&lt;br/&gt;Und viele gute Erfahrungen rund ums Fasten</marc:subfield>
   </marc:datafield>
   <marc:datafield ind1=" " ind2=" " tag="041">
      <marc:subfield code="a">ger</marc:subfield>
   </marc:datafield>
   <marc:datafield ind1="1" ind2=" " tag="521">
      <marc:subfield code="a">0</marc:subfield>
   </marc:datafield>
   <marc:datafield ind1=" " ind2=" " tag="300">
      <marc:subfield code="a">43 S.</marc:subfield>
   </marc:datafield>
</marc:record>
